00496nam a22001697a 4500003000500000005001700005008004100022010001000063011001000073035001000083040000900093110006900102245008400171260004100255300000900296650002100305CHAP20220817041830.0971013s1987 r 00010 d a25920 a26892 a30993 cCHAP aInternational Crops Research Institute for the Semi-Arid Tropics aCoordination of grain legumes research in Asiab: summary proceedings fo the... aPatancheru, India :bEl autor,c1987 a86 p14aLegumbresxAsia.